000 00458nam a2200157 i 4500
001 141527
003 ES-MaACL
007 t|
008 070925s1922 fr ||||1| fre d
100 1 _aVoisin, Jean.
_9115681
245 1 4 _aLes metaux precieux /
_cpar Jean Voisin ; préface de M. Hanriot.
260 _aParis :
_bJ.-B. Baillière et Fils,
_c1922.
300 _aX, 264 p. :
_bil. ;
_c23 cm.
700 1 _aHanriot, M.
_961750
852 _aES-MaACL
_jB-1647
999 _c141527
_d141527